000 00368nam a2200145Ia 4500
008 230312s9999||||xx |||||||||||||| ||und||
020 _a978-8126541263
082 _a660.281
_bSEB-P
100 _aSeborg;Dale.E
245 0 _aProcess Dynamics and Control
260 _bWiley
_aIndia
_c2014
300 _a1-9
650 _aEngineering
_vMechanical/Chemical
942 _cBK
999 _c14227
_d14227